000
00233nam a22000857a 4500
999
_c
4328
_d
4328
008
161130b xxu||||| |||| 00| 0 eng d
020
_a
978001063006
100
_9
1616
_a
Tickoo, M.L
245
_a
Reader- Teacher's Edition v
260
_a
New Delhi
_b
Orient Longman Publication
_c
2007